| 000 | 01244nam a22002897a 4500 | ||
|---|---|---|---|
| 001 | BD-DhSAU 9297 | ||
| 003 | BD-DhSAU | ||
| 005 | 20200107153450.0 | ||
| 008 | 150612b2018 bg a||||r|||| 000 0 eng d | ||
| 040 | _aBD-DhSAU | ||
| 082 |
_222 _a630.715 _bK112 |
||
| 100 |
_aKabir , Md. Fuad _eRegistration No. # 11-04294 |
||
| 245 |
_aAdoption of modern jute cultivation practices by the farmers of Gaibandha district / _bMS thesis _cMd. Fuad Kabir |
||
| 260 |
_aSher-e- Bangla Agricultural University : _bDepartment of Agricultural Extension and Information System, _c2018 |
||
| 300 |
_aviii, 68 p. : _bill. , _c30 cm. |
||
| 500 | _aMS thesis of Department of Agricultural Extension and Information System, Faculty of Agriculture, Sher-e-Bangla Agricultural University, Dhaka, Bangladesh | ||
| 504 | _a Include Bibliographical References | ||
| 590 | _aShofi | ||
| 650 | _a Agricultural Extension and Information System | ||
| 650 | _aAdoption | ||
| 650 | _a Jute cultivation | ||
| 650 |
_aFarmer _zGaibandha district |
||
| 700 |
_aBashar , Md. Abul _eSupervisor |
||
| 700 |
_a Humayun , Muhammad _eCo-Supervisor |
||
| 856 |
_uhttp://archive.saulibrary.edu.bd:8080/xmlui/handle/123456789/2842 _yOnline Access |
||
| 942 |
_2ddc _cTHESIS |
||
| 999 |
_c14814 _d14813 |
||